| Tag |
First Indicator |
Second Indicator |
Subfields |
| LEADER |
00000cam a2200000 a 4500 |
| 001 |
in00001024331 |
| 005 |
20150928092810.0 |
| 008 |
910813s1991 caua b 0010 eng d |
| 010 |
|
|
|a 85644753
|
| 020 |
|
|
|a 1555427863
|
| 035 |
|
|
|a (OCoLC)24229086
|
| 035 |
|
|
|9 AFF1141AM
|
| 040 |
|
|
|a VYF
|c VYF
|d TXA
|d UtOrBLW
|
| 043 |
|
|
|a n-us---
|
| 049 |
|
|
|a TXAM
|
| 090 |
|
|
|a LC3727
|b .R45 1991
|
| 245 |
0 |
0 |
|a Rekindling minority enrollment /
|c Dan Angel, Adriana Barrera, editors.
|
| 264 |
|
1 |
|a San Francisco :
|b Jossey-Bass ;
|a Los Angeles :
|b ERIC Clearinghouse for Junior Colleges,
|c 1991.
|
| 300 |
|
|
|a 131 pages :
|b illustrations ;
|c 23 cm
|
| 336 |
|
|
|a text
|b txt
|2 rdacontent
|
| 337 |
|
|
|a unmediated
|b n
|2 rdamedia
|
| 338 |
|
|
|a volume
|b nc
|2 rdacarrier
|
| 490 |
1 |
|
|a New directions for community colleges,
|v no. 74 (Summer 1991)
|
| 504 |
|
|
|a Includes bibliographies and indexes.
|
| 650 |
|
0 |
|a Minorities
|x Education (Higher)
|z United States.
|
| 700 |
1 |
|
|a Angel, Dan.
|
| 700 |
1 |
|
|a Barrera, Adriana.
|
| 710 |
2 |
|
|a ERIC Clearinghouse for Junior Colleges.
|
| 830 |
|
0 |
|a New directions for community colleges ;
|v no. 74 (Summer 1991)
|
| 999 |
|
|
|a MARS
|
| 999 |
f |
f |
|s 9eb02633-7844-3d09-8260-a35d3941c213
|i 3e07427d-4a7b-3179-a1df-9b985d4ff804
|t 0
|
| 952 |
f |
f |
|p normal
|a Texas A&M University
|b College Station
|c Sterling C. Evans Library
|d Evans: Library Stacks
|t 0
|e LC3727 .R45 1991
|h Library of Congress classification
|i unmediated -- volume
|m A14814402732
|
| 998 |
f |
f |
|a LC3727 .R45 1991
|t 0
|l Evans: Library Stacks
|